Locations with the same name - Statistics

General Stats
  • This quiz has been taken 17 times
  • The average score is 10 of 15
Answer Stats
Hint Answer % Correct
Capital of England.
City between Detroit and Buffalo, on the other side of the border.
London
100%
Origin place of Neapolitan Pizza.
City in the same state as the previous answer.
Naples
88%
Formerly known as Leningrad.
City in the Tampa Bay area.
St Petersburg
88%
Home to a famous Tea Party.
Lincolnshire town.
Boston
81%
Capital of Costa Rica.
Bay Area city.
San Jose
81%
Chilean capital.
Final destination of Way of St James Pilgrims.
Santiago
81%
Capital of Libya.
Second largest city in Lebanon.
Tripoli
81%
Home to Graceland.
Open-air museum with a statue of Ramses II.
Memphis
75%
Northern English town home to a noteable building society.
Most populous city of Nova Scotia.
Halifax
63%
La Ville Lumiere.
Also the name of a 1984 Wim Wenders film.
Paris
63%
Northeastern English city, whose residents are known as Geordies.
New South Wales city at the mouth of the Hunter River.
Newcastle
56%
The most isolated major city in the world.
Scottish city on the River Tay.
Perth
50%
California city with a famous aquarium.
Northeastern Mexican city.
Monterrey
38%
Cornwall town with a Tate Gallery.
Market town in Huntingdon, Cambridgeshire.
St Ives
19%
Capital of the Indian State of Telangana.
Formerly known as Neroonkot.
Hyderabad
13%
No matching quizzes found
Score Distribution
Percent of People with Each Score
Percentile by Number Answered
Your Score History
You have not taken this quiz